00314nam a22001457a 4500003000400000005001700004008004100021020001500062040000700077082001200084100000900096245003100105260002400136300000800160OSt20210923144543.0210923b |||||||| |||| 00| 0 eng d a0495030503 chu a150/mar amarc apsychology applied to werk ameixicobhallc2006 a231